| 000 | 00343nam a22001457a 4500 | ||
|---|---|---|---|
| 003 | SGT | ||
| 020 | _a978-93-272-4159-4 | ||
| 082 |
_a630 _bRED |
||
| 100 | _aREDDY, S.R. | ||
| 245 | _aINTRODUCTION AGRONOMY AND PRINCIPLES OF CROP PRODUCTION | ||
| 260 |
_aDELHI _bKALYANI _c2020 |
||
| 300 | _a288 | ||
| 650 | _aAGRONOMY | ||
| 942 |
_2ddc _cBK _015 |
||
| 999 |
_c25706 _d25706 |
||